000 00793cam a22002774i 4500
999 _c34117
_d34117
001 3452
003 CO-MdFUSB
005 20181006100308.0
008 180227t1984 sp ||||| |||| 00| 0 spa d
020 _a84-285-0975-1
040 _aCO-MdFUSB
_bspa
_cCO-MdFUSB
_dCO-MdFUSBC
_erda
041 0 _aspa
082 0 4 _aG 227.02
_223
_b E779p
100 1 _aEsquerda Bifet, Juan
_eautor
245 1 0 _aPablo Hoy
_b: Un nuevo rostro de apóstol
_c/ Juan Esquerda Bifet
250 _a2
264 1 _aMadrid, España :
_bPaulinas,
_c℗[1984]
264 4 _c©1984
300 _a195 páginas ;
_c20 cm
336 _2rdacontent
_atexto
_btxt
337 _2rdamedia
_asin mediación
_bn
338 _2rdacarrier
_avolumen
_bnc
653 _aPablo (Apóstol)
942 _cBK